[Event "HCL-A116"]
[Site "www.playchess.de"]
[Date "2001.04.27"]
[Round "9"]
[White "Chapo"]
[Black "Mathew_Cooke"]
[WhiteElo "1985"]
[BlackElo "1499"]
[PlyCount "47"]
[Result "1-0"]

1.c4 c5 2.g3 Nf6 3.Bg2 g6 4.Nc3 Bg7 5.d3 O-O 6.Nf3 
e6 7.O-O d5 8.cxd5 exd5 9.e4 d4 10.Ne2 Nc6 11.Bg5 
Bg4 12.h3 Be6 13.e5 h6 14.exf6 hxg5 15.fxg7 Kxg7 
16.Qc1 f6 17.Qxc5 Qd7 18.Nexd4 Bxh3 19.Bxh3 Qxh3 
20.Nxc6 bxc6 21.Rfe1 Rfh8 22.Qe7+ Kh6 23.Qxf6 Qg4 
24.Kg2 1-0

[Event "HCL-A116"]
[Site "www.playchess.de"]
[Date "2001.04.27"]
[Round "35"]
[White "teenspirit"]
[Black "vrad"]
[WhiteElo "1637"]
[BlackElo "1890"]
[PlyCount "52"]
[Result "0-1"]

1.e4 {Hi vrad}  c6 {Hi}  2.d4 d5 3.f3 e6 4.Nc3 Bb4 
5.Nge2 Nf6 6.Bg5 h6 7.Bxf6 Qxf6 8.Qd3 b6 9.O-O-O 
Ba6 10.Qe3 {You play really a good chess!}  O-O 
{thanks, you too}  11.a3 {U know that variation vs 
caro-kann? It's my weapon in real tourneys :)}  
Be7 12.e5 Qg5 13.f4 Qg6 14.Ng3 f5 15.exf6 Qxf6 
16.Bxa6 Nxa6 17.Rhf1 c5 18.f5 cxd4 19.Rxd4 Bc5 
20.Nge2 Bxd4 21.Nxd4 Nc7 22.Rf3 e5 23.Ne6 Nxe6 
24.Nxd5 Qg5 25.fxe6 Rxf3 26.Qxg5 
Rf1+ 0-1

[Event "CCL-E017"]
[Site "www.playchess.de"]
[Date "2001.04.27"]
[Round "5"]
[White "Master"]
[Black "G9_us"]
[WhiteElo "2000"]
[BlackElo "2267"]
[PlyCount "56"]
[Result "0-1"]

1.d4 Nf6 2.c4 c5 3.d5 d6 4.Nc3 g6 5.e4 Bg7 6.Nf3 
O-O 7.Be2 e6 8.O-O exd5 9.cxd5 a6 10.a4 Re8 11.Nd2 
Nbd7 12.f4 Rb8 13.Kh1 Nf8 14.a5 N8d7 15.Ra3 h5 
16.Bf3 b5 17.axb6 Nxb6 18.f5 gxf5 {Hi there 
master, good luck and i hope this will be a good 
game, what hardware are you using?}  19.Bxh5 Rb7 
20.exf5 Rbe7 21.Bg4 Qc7 22.Bf3 Bxf5 23.Nb3 Qc8 
24.Ra2 Ng4 25.Be2 R7xe2 26.Nxe2 Nc4 27.Ng3 Nce3 
28.Bxe3 Nxe3 0-1

[Event "HCL-C262"]
[Site "www.playchess.de"]
[Date "2001.04.27"]
[Round "2"]
[White "someone"]
[Black "JRockne"]
[WhiteElo "1000"]
[BlackElo "756"]
[PlyCount "61"]
[Result "1-0"]

1.e4 {Hi, and gl}  e5 {hello. look forward to the 
game.}  2.Nf3 Nc6 3.Bb5 Nf6 4.O-O Bc5 5.c3 O-O 
6.d4 Bb6 7.Bg5 d6 8.Bxc6 bxc6 9.dxe5 dxe5 10.Qxd8 
Rxd8 11.Nxe5 Re8 12.Bxf6 gxf6 13.Nf3 Rxe4 14.Nbd2 
Rg4 15.Rfe1 Rg6 16.Nh4 Rg5 17.Ne4 Rb5 18.b4 a5 
19.a4 f5 20.Nf6+ Kg7 21.Ne8+ Kh6 22.axb5 cxb5 
23.bxa5 Rxa5 24.Rxa5 Bxa5 25.Re5 Bxc3 26.Rxb5 Bd7 
27.Rc5 Bb4 28.Nxf5+ Bxf5 29.Rxf5 c5 30.g4 c4 
31.Rf4 1-0

[Event "HCL-A115"]
[Site "www.playchess.de"]
[Date "2001.04.27"]
[Round "4"]
[White "patisab"]
[Black "anasawad"]
[WhiteElo "1929"]
[BlackElo "1700"]
[PlyCount "27"]
[Result "1-0"]

1.e4 {Hello ;-)}  e5 2.Nf3 Nc6 3.Bc4 Nf6 4.Ng5 d5 
5.exd5 Na5 6.Bb5+ Bd7 7.Bxd7+ Qxd7 8.O-O O-O-O 
9.Nc3 h6 10.Nf3 Qf5 11.d3 Nxd5 12.Ne4 g5 13.Re1 
Be7 14.Ng3 1-0

[Event "HCL-A119"]
[Site "www.playchess.de"]
[Date "2001.04.27"]
[Round "21"]
[White "mrchess"]
[Black "nextalby"]
[WhiteElo "1553"]
[BlackElo "1996"]
[PlyCount "64"]
[Result "0-1"]

1.d4 {have a nice game}  Nf6 2.Bg5 Ne4 3.Bh4 c5 
4.Nf3 Qb6 5.b3 Qb4+ 6.Nbd2 cxd4 7.Ng5 Nxd2 8.Qxd2 
Qxd2+ 9.Kxd2 f6 10.Nf3 e5 11.h3 Bb4+ 12.Kd1 d5 
13.g4 Nc6 14.Bg3 Be6 15.e3 dxe3 16.fxe3 Bc3 17.Rb1 
O-O 18.a3 Rac8 19.Be2 Rfd8 20.Nd2 a6 21.Be1 b5 
22.Nf3 d4 23.e4 Bxe1 24.Nxe1 Na5 25.Nd3 Nb7 26.Kd2 
Rc3 27.Nb4 Nc5 28.Na2 Nxe4+ 29.Kc1 Re3 30.Rh2 Nc3 
31.Nxc3 dxc3 32.Bd1 Re1 0-1

[Event "HCL-A121"]
[Site "www.playchess.de"]
[Date "2001.04.27"]
[Round "1"]
[White "Tarrega"]
[Black "Translightor"]
[WhiteElo "1690"]
[BlackElo "1447"]
[PlyCount "125"]
[Result "1-0"]

1.e4 e5 2.d4 exd4 3.Nf3 Bb4+ 4.c3 dxc3 5.bxc3 Bc5 
6.Bc4 d6 7.Qb3 Qe7 8.O-O Nf6 9.Re1 Nbd7 10.Nbd2 
O-O 11.Ba3 Bxa3 12.Qxa3 Nb6 13.Bb3 Be6 14.e5 Nfd5 
15.exd6 Qxd6 16.Qxd6 cxd6 17.Ne4 Rfd8 18.Nd4 Nc7 
19.Ng5 Bxb3 20.axb3 a6 21.Re7 Rd7 22.Rae1 Rad8 
23.Nxf7 Rxe7 24.Rxe7 Re8 25.Rxe8+ Nxe8 26.Nd8 Nd5 
27.c4 Ndc7 28.Nxb7 g6 29.f3 Kf7 30.Nd8+ Ke7 
31.N8c6+ Kd7 32.b4 Nf6 33.Kf2 Kc8 34.Ke3 Kb7 
35.Nd8+ Kc8 36.N8e6 Nce8 37.Ng5 Kd7 38.g4 Kc7 
39.Nde6+ Kc6 40.Nd4+ Kd7 41.Ne4 h6 42.Nxf6+ Nxf6 
43.h3 Ne8 44.h4 Nc7 45.f4 Ne8 46.f5 gxf5 47.Nxf5 
h5 48.gxh5 Ke6 49.h6 Nf6 50.Kf4 Nh7 51.Nd4+ Kf6 
52.Nc6 Kg6 53.Nb8 Nf8 54.Nxa6 Nd7 55.Ke4 Nb6 
56.Kd4 Kxh6 57.Nc7 Kh5 58.Ne8 Nc8 59.Nxd6 Nxd6 
60.Kd5 Nc8 61.c5 Kxh4 62.b5 Kg5 
63.Ke6 1-0

[Event "ACL-A142"]
[Site "www.playchess.de"]
[Date "2001.04.27"]
[Round "16"]
[White "chessnut"]
[Black "Gutovsky"]
[WhiteElo "1981"]
[BlackElo "1500"]
[PlyCount "49"]
[Result "1-0"]

1.c4 e5 2.g3 Nf6 3.Bg2 c6 4.d4 Bb4+ 5.Bd2 Bxd2+ 
6.Qxd2 exd4 7.Qxd4 d5 8.cxd5 cxd5 9.Nc3 Nc6 10.Qc5 
Be6 11.Rd1 Qe7 12.Qxe7+ Nxe7 13.Nf3 O-O 14.Nd4 
Rac8 15.e3 Rc4 16.Ncb5 Nc6 17.b3 Rc5 18.Nxc6 Rxc6 
19.Nd4 Rc7 20.f3 Rfc8 21.Ke2 Bd7 22.Kd2 Kf8 
23.Rdc1 a6 24.Rxc7 Rxc7 25.g4 1-0

[Event "CCL-E014"]
[Site "www.playchess.de"]
[Date "2001.04.27"]
[Round "7"]
[White "Slipknot"]
[Black "joepechie"]
[WhiteElo "2000"]
[BlackElo "2051"]
[PlyCount "47"]
[Result "1-0"]

1.d4 {Here we go again}  d5 {It will be Cm8000 
this tournament}  2.c4 {OK, how many programs do 
you have?}  c6 {rebel,junior,fritz,cm,shredder,genius,nimzo} 
 3.Nf3 {WOW! which one do you think is the 
strongest. have you played them against each 
other?}  Nf6 4.Nc3 dxc4 5.a4 Bf5 6.e3 e6 7.Bxc4 
Bb4 {emial me at jpechie@home.com and i'll give 
you the program run down}  8.O-O {Ok, sounds good} 
 O-O 9.Qe2 Nbd7 10.e4 Nxe4 11.Nxe4 Nb6 12.Bd2 Bxd2 
13.Nexd2 {Did you get my email?}  Re8 14.Rfe1 Rc8 
{Yea,sorry. Were buying/selling houses and have 
been running ragged}  15.Qe5 {Ok, no problem}  Nd5 
16.Ne4 Bxe4 17.Qxe4 Qd6 18.Rac1 Qd7 19.b3 Rcd8 
20.Qg4 Qd6 21.Bxd5 cxd5 22.Qg3 Qb4 23.Qc7 Qxa4 
24.bxa4 1-0

[Event "HCL-M017"]
[Site "www.playchess.de"]
[Date "2001.04.27"]
[Round "21"]
[White "florish"]
[Black "mklengel"]
[WhiteElo "2200"]
[BlackElo "2200"]
[PlyCount "76"]
[Result "1/2-1/2"]

1.d4 Nf6 2.Nf3 g6 3.c4 Bg7 4.Nc3 O-O 5.e4 d6 6.Be2 
e5 7.O-O Nc6 8.dxe5 dxe5 9.Qxd8 Rxd8 10.Bg5 Rf8 
11.h3 h6 12.Be3 b6 13.c5 Bb7 14.Bb5 Rad8 15.Rad1 
Nd4 16.Nxd4 exd4 17.Rxd4 Rxd4 18.Bxd4 Nxe4 19.Bxg7 
Kxg7 20.Nxe4 Bxe4 21.Rd1 c6 22.Bc4 bxc5 23.Rd7 Bd5 
24.Bxd5 cxd5 25.Rxd5 c4 26.Rd2 Kf6 27.Rc2 Rc8 
28.f3 Ke5 29.Kf2 Kd4 30.Rd2+ Kc5 31.Ke2 Rc6 32.Ke3 
Re6+ 33.Kf4 Ra6 34.a3 Rf6+ 35.Ke5 Re6+ 36.Kf4 a6 
37.h4 Rf6+ 38.Ke5 Re6+ 1/2-1/2

[Event "ACL-A146"]
[Site "www.playchess.de"]
[Date "2001.04.27"]
[Round "8"]
[White "sintetio"]
[Black "larryo"]
[WhiteElo "1500"]
[BlackElo "1500"]
[PlyCount "47"]
[Result "1-0"]

1.e4 e5 2.Nf3 d6 3.Bc4 f5 4.exf5 Bxf5 5.O-O Nc6 
6.d3 Nf6 7.Bg5 h6 8.Bh4 g5 9.Bg3 Qd7 10.Re1 O-O-O 
11.a4 d5 12.Bb5 a6 13.Nxe5 Qg7 14.Nxc6 Rd6 15.Bxd6 
cxd6 16.Nd4 Bg4 17.f3 Bd7 18.Bxd7+ Nxd7 19.c3 Nc5 
20.Re8+ Kd7 21.Qe2 Nxd3 22.Qe6+ Kc7 23.Qc8+ Kb6 
24.a5+ 1-0

[Event "HCL-C275"]
[Site "www.playchess.de"]
[Date "2001.04.27"]
[Round "5"]
[White "Ross"]
[Black "Budgie"]
[WhiteElo "1000"]
[BlackElo "599"]
[PlyCount "25"]
[Result "1-0"]

1.e4 Nf6 2.Nc3 d5 3.exd5 c6 4.d3 cxd5 5.Bf4 Nc6 
6.Nb5 a6 7.Nc7+ Kd7 8.Nxa8 b5 9.Bc7 Qxc7 10.Nxc7 
Kxc7 11.Qe2 Bg4 12.Qe3 d4 13.Qf4+ 1-0

[Event "ACL-E013"]
[Site "www.playchess.de"]
[Date "2001.04.27"]
[Round "1"]
[White "player27"]
[Black "Gandalf_9417"]
[WhiteElo "1719"]
[BlackElo "1905"]
[PlyCount "60"]
[Result "0-1"]

1.Nf3 {*handshake* Good luck!}  Nf6 {Good luck, 
too!}  2.g3 b6 3.Bg2 Bb7 4.d4 e6 5.c4 Be7 6.O-O 
O-O 7.Re1 Na6 8.Nc3 Ne4 9.Nxe4 Bxe4 10.Ne5 Bxg2 
11.Kxg2 c5 12.d5 Bf6 13.Nf3 d6 14.e4 Qd7 15.Rb1 
exd5 16.exd5 Nb4 17.Qb3 Qf5 18.Bd2 Nd3 19.Red1 b5 
20.Bc3 Nf4+ 21.gxf4 Qg4+ 22.Kf1 bxc4 23.Qxc4 Qxf3 
24.Bxf6 gxf6 25.Qd3 Qh1+ 26.Ke2 Rfe8+ 27.Kd2 Qe4 
28.Rdg1+ Kh8 29.Rg4 Rab8 30.Qxe4 
Rxe4 0-1

[Event "ACL-A157"]
[Site "www.playchess.de"]
[Date "2001.04.27"]
[Round "10"]
[White "jjbranc"]
[Black "chessnut"]
[WhiteElo "1571"]
[BlackElo "1983"]
[PlyCount "67"]
[Result "1-0"]

1.e4 e6 2.Nf3 d5 3.e5 c5 4.d4 Nc6 5.Bb5 Bd7 6.O-O 
Nxe5 7.Bxd7+ Nxd7 8.Nc3 Ngf6 9.Na4 cxd4 10.Nxd4 
Bd6 11.Bg5 Qc7 12.Nf3 Ne4 13.g3 b5 14.Nc3 Nxc3 
15.bxc3 Qxc3 16.Nd4 a6 17.Ne2 Qc4 18.Bf4 e5 19.Bd2 
O-O 20.c3 Nc5 21.Nc1 Rac8 22.Nb3 Na4 23.Na5 Qc7 
24.Nb3 Rfd8 25.Qg4 Ba3 26.Bh6 f5 27.Qg5 Nxc3 
28.Rfe1 Ne4 29.Qxg7+ Qxg7 30.Bxg7 Kxg7 31.Na5 Bb4 
32.Nb7 Rd7 33.Reb1 Bc3 34.Rbc1 1-0

[Event "HCL-C283"]
[Site "www.playchess.de"]
[Date "2001.04.27"]
[Round "4"]
[White "hercos"]
[Black "TAX"]
[WhiteElo "1220"]
[BlackElo "1200"]
[PlyCount "38"]
[Result "0-1"]

1.e4 {Hi. I am a 25 years old electrical 
engineering student from Brazil. What about you ?} 
 e5 {i'm at the same age}  2.Nf3 d6 3.d4 exd4 
4.Nxd4 Nf6 5.Nc3 Be7 6.Bc4 Bg4 7.f3 {Hallo. Wie 
geht es Dir ?}  Bd7 8.Be3 c5 9.Nde2 Nc6 10.Nf4 Ne5 
11.Bb3 c4 12.Ba4 b5 13.Bxb5 Bxb5 14.Nfd5 Nxd5 
15.exd5 Bd7 16.Bd4 O-O 17.Qe2 Bh4+ 18.g3 Re8 
19.O-O-O Nd3+ 0-1

[Event "HCL-C287"]
[Site "www.playchess.de"]
[Date "2001.04.27"]
[Round "10"]
[White "Fulgore"]
[Black "Cosmonauta"]
[WhiteElo "1000"]
[BlackElo "1000"]
[PlyCount "52"]
[Result "0-1"]

1.Nc3 e5 2.e4 Nf6 3.d3 Bc5 4.Qd2 O-O 5.Nf3 Nc6 
6.Be2 Nd4 7.Nxd4 Bxd4 8.O-O d6 9.Nd1 Bg4 10.h3 Be6 
11.c3 Bb6 12.a3 {How long have you been playing 
chess?}  d5 {about 2 years}  13.Ne3 {I started 
playing, seriously, about 6 months ago. That was a 
good move. What do you do for a living?}  dxe4 
{I´m working in medical research and you???}  
14.Ng4 {Telecommunications; telephone systems and 
such. I enjoy it.}  Nxg4 {great!!! Where do you 
live???}  15.hxg4 {Right now in Denver. I will be 
relocating to Dallas this month.}  exd3 {Texas!!! 
Did you vote for Bush???}  16.Bxd3 {Yep, Gore, in 
my opinion, was not the right guy. Where do you 
live?}  Bxg4 {I live in Tuebingen (Germany), a 
little town south from Stuttgart (Mercedes Benz, 
Porsche, etc)}  17.Re1 {Your profile says you're 
from Columbia, do you just work in Germany?}  f6 
{I was born in Bogota, but I live in Germany since 
1994}  18.Qc2 {That is cool. Married with kids?}  
h6 {yes, i´m married, but i hane no kids. And 
you???}  19.Bd2 {I am married with 2 sons with a 
daughter on the way}  Qd6 {Congratulations, you 
must be very happy!!!}  20.Be2 {I am! She will 
probably be spoiled.}  Be6 {You have to do, she 
will be your princess}  21.Bd1 {That is correct . 
You plan on having children?}  Rad8 {I don´t think 
so, the situation in Colombia is terrible}  22.Re4 
{That is too bad. Did you have a good Easter?}  
Qxd2 {It was a very cold Easter, I was at home 
nearly all the time!!! And you??? What did you 
do???}  23.Qb1 {Not much, just prepared for moving 
to Dallas.}  Qxf2+ {Do you have a new job 
there???}  24.Kh2 {Yes, I transferred with the 
same company I was with in Denver. I think I'll 
like it here.}  Bf5 {I think new things are always 
good. I wish you good luck!!!}  25.Bc2 {Thank you. 
I hope thing go better for me here than my chess 
playing.}  Bxe4 {chess is only a game, i´m sure 
that in your real life you are always the winner}  
26.Bxe4 {Somtimes.... You been playing long?}  
Qh4+ {about two years. My e-mail is 
g.pinzon-duarte@uni.de}  0-1

[Event "HCL-B295"]
[Site "www.playchess.de"]
[Date "2001.04.27"]
[Round "2"]
[White "lennin"]
[Black "Redbaron"]
[WhiteElo "1424"]
[BlackElo "1432"]
[PlyCount "28"]
[Result "0-1"]

1.e4 e5 2.Nf3 Nc6 3.Bb5 a6 4.Bxc6 dxc6 5.d4 Bg4 
6.dxe5 Qxd1+ 7.Kxd1 Bc5 8.Ke2 Bd4 9.Nbd2 Bxe5 
10.h3 Bxf3+ 11.Nxf3 Bd6 12.Nd4 Ne7 13.Be3 O-O-O 
14.Rad1 c5 0-1

[Event "HCL-E051"]
[Site "www.playchess.de"]
[Date "2001.04.27"]
[Round "7"]
[White "chessnut"]
[Black "Dubious_Logic"]
[WhiteElo "2113"]
[BlackElo "2000"]
[PlyCount "31"]
[Result "1-0"]

1.c4 Nf6 {my best wishes on an enjoyable game and 
match!}  2.g3 c6 3.b3 g6 4.Bb2 Bg7 5.Bg2 O-O 6.Nf3 
d5 7.O-O Bg4 {I was looking at ongoing games and 
everywhere there was chessnut - how many do you 
play at a time?}  8.d4 {I'm not sure how many 
games! I'd guess around 200!!}  dxc4 {I got 
stressed when I had 25 email games + 50 on sites 
like this :))}  9.bxc4 {Yes, I stay busy!}  Qb6 
{do you also play on other sites?}  10.Qb3 {Yes, I 
play on ICC and some Email games!}  Bf5 11.Qxb6 
axb6 12.Nfd2 Rd8 13.e4 Be6 14.e5 Ng4 15.h3 Nh6 
16.Rc1 1-0

[Event "HCL-C280"]
[Site "www.playchess.de"]
[Date "2001.04.27"]
[Round "13"]
[White "Rengar"]
[Black "Gagarin"]
[WhiteElo "1153"]
[BlackElo "800"]
[PlyCount "50"]
[Result "0-1"]

1.e4 e5 2.Nf3 Nf6 3.Nxe5 Qe7 4.Nf3 Nxe4 5.Be2 d5 
6.d4 Nc6 7.O-O Bg4 8.Nbd2 O-O-O 9.Re1 Nxd2 10.Qxd2 
h5 11.h3 Bd7 12.Bb5 Qb4 13.Bxc6 Bxc6 14.c3 Qd6 
15.Ne5 Be8 16.Qe2 f6 17.Nd3 Bb5 18.Qf3 g5 19.Bd2 
g4 20.Qf5+ Bd7 21.Qf4 gxh3 22.Qxd6 Bxd6 23.gxh3 
Rdg8+ 24.Kh1 Bf5 25.Nf4 Be4+ 0-1

[Event "HCL-C280"]
[Site "www.playchess.de"]
[Date "2001.04.27"]
[Round "18"]
[White "jhvn"]
[Black "Rengar"]
[WhiteElo "1184"]
[BlackElo "1153"]
[PlyCount "83"]
[Result "1-0"]

1.e4 e6 2.d4 d5 3.Nd2 Nf6 4.e5 Nfd7 5.Bd3 c5 6.c3 
Nc6 7.Ne2 Qb6 8.Nf3 cxd4 9.cxd4 Bb4+ 10.Kf1 f5 
11.Be3 O-O 12.a3 Be7 13.b3 Qc7 14.h4 Na5 15.Rc1 
Qb6 16.b4 Nc6 17.h5 Qd8 18.b5 Na5 19.a4 b6 20.Rh2 
Bb7 21.h6 g6 22.Bd2 Rc8 23.Nf4 Kf7 24.Nh3 Re8 
25.Nhg5+ Bxg5 26.Nxg5+ Kg8 27.Be3 Nc4 28.Qe2 Nxe3+ 
29.Qxe3 Nf8 30.Rxc8 Qxc8 31.Qe1 a6 32.Qa1 Qa8 
33.Rh3 axb5 34.Bxb5 Rc8 35.Rb3 Ba6 36.Qa3 Bxb5+ 
37.axb5 Qa5 38.Qxa5 bxa5 39.Ra3 Ra8 40.Rc3 a4 
41.Rc7 a3 42.Rg7+ 1-0

[Event "HCL-B302"]
[Site "www.playchess.de"]
[Date "2001.04.27"]
[Round "5"]
[White "Battousai"]
[Black "xenium"]
[WhiteElo "1200"]
[BlackElo "1200"]
[PlyCount "43"]
[Result "1-0"]

1.e4 {hi there this is my first time playing 
here.so hope I can learn from you.}  c6 
{Hi,welcome and good game}  2.d4 d5 3.e5 Bf5 4.Bd3 
{hi there this is my first time playing here.so 
hope I can learn from you.}  Bxd3 5.Qxd3 e6 6.Nf3 
c5 7.c4 dxc4 8.Qxc4 cxd4 9.Nxd4 Qa5+ 10.Kd1 Bc5 
11.Nb5 Qd8+ 12.Ke2 Qe7 13.Be3 Bxe3 14.Nc7+ Kf8 
15.Nxa8 Bc5 16.b4 Bxf2 17.Kxf2 Nc6 18.Rd1 Nxe5 
19.Qc8+ Qe8 20.Rd8 Ke7 21.Rxe8+ Kf6 
22.Qc3 1-0

[Event "HCL-C292"]
[Site "www.playchess.de"]
[Date "2001.04.27"]
[Round "10"]
[White "tiraspol3000"]
[Black "Averroes"]
[WhiteElo "800"]
[BlackElo "1000"]
[PlyCount "23"]
[Result "1-0"]

1.d4 Nf6 {Salam}  2.b4 b6 3.c4 e6 4.d5 Bxb4+ 5.Nd2 
O-O 6.Rb1 Ba5 7.Ngf3 Bb7 8.h4 exd5 9.Ng5 dxc4 
10.Rh3 c3 11.Nb3 c2+ 12.Qd2 1-0

[Event "HCL-B304"]
[Site "www.playchess.de"]
[Date "2001.04.27"]
[Round "8"]
[White "gandalf"]
[Black "Tumbleweed"]
[WhiteElo "956"]
[BlackElo "1095"]
[PlyCount "52"]
[Result "0-1"]

1.d4 Nf6 2.c4 g6 3.Nc3 d5 4.Bf4 dxc4 5.e3 Be6 
6.Nf3 c6 7.Be2 Bg7 8.O-O O-O 9.Ne5 Nd5 10.Re1 Nxf4 
11.Bf3 Nd5 12.Bxd5 cxd5 13.e4 dxe4 14.Rxe4 b5 
15.Nxb5 Qd5 16.Re3 Qxb5 17.Qd2 Rd8 18.Nf3 Nc6 
19.Rb3 cxb3 20.a3 Nxd4 21.Nxd4 Rxd4 22.Qe3 Rad8 
23.g3 Bh3 24.Re1 R4d1 25.g4 Qf1+ 26.Rxf1 
Rxf1+ 0-1

[Event "HCL-C294"]
[Site "www.playchess.de"]
[Date "2001.04.27"]
[Round "32"]
[White "Brazil"]
[Black "olaf"]
[WhiteElo "1459"]
[BlackElo "1274"]
[PlyCount "58"]
[Result "0-1"]

1.e4 Nf6 2.e5 Nd5 3.c4 Nb6 4.d4 e6 5.Bd3 Nc6 6.Ne2 
g6 7.O-O Bg7 8.Be3 d6 9.f4 d5 10.cxd5 Nxd5 11.Bd2 
O-O 12.Nbc3 Nce7 13.Nxd5 Nxd5 14.Bc4 c6 15.Rc1 Qb6 
16.Bxd5 cxd5 17.b3 Bd7 18.Rf3 a5 19.Rfc3 Qa6 
20.R1c2 Bb5 21.Be1 Bh6 22.g3 b6 23.a4 Bd7 24.R3c7 
Ra7 25.Qc1 Rxc7 26.Rxc7 Bxa4 27.bxa4 Qxe2 28.Qd2 
Qe4 29.Qb2 Qxe1+ 0-1

[Event "HCL-C299"]
[Site "www.playchess.de"]
[Date "2001.04.27"]
[Round "4"]
[White "daisyfeet"]
[Black "Stalker"]
[WhiteElo "1000"]
[BlackElo "1000"]
[PlyCount "23"]
[Result "1-0"]

1.e4 {Hi}  e5 2.f4 Nc6 3.Nf3 f6 4.d4 d6 5.d5 Nb4 
6.a3 Na6 7.Be2 Nh6 8.c4 Be7 9.Nc3 O-O 10.O-O c5 
11.fxe5 fxe5 12.Bxh6 1-0

[Event "HCL-C297"]
[Site "www.playchess.de"]
[Date "2001.04.27"]
[Round "2"]
[White "Chopz8va"]
[Black "Bernard"]
[WhiteElo "1083"]
[BlackElo "1000"]
[PlyCount "95"]
[Result "1-0"]

1.d4 {Hello & Good Luck}  d5 {I hope that we will 
have a nice game}  2.Nf3 Nf6 3.Bf4 e6 4.e3 Be7 
5.Nbd2 O-O 6.Bd3 Nc6 7.c3 a6 8.O-O b5 9.Re1 Nh5 
10.Ne5 Nxe5 11.Bxe5 Nf6 12.Nf3 Ne4 13.Qc2 Bb7 
14.Nd2 f6 15.Bf4 c6 16.Nxe4 dxe4 17.Bxe4 f5 18.Bd3 
c5 19.dxc5 Bxc5 20.b4 Be7 21.Qb3 Bd5 22.c4 bxc4 
23.Bxc4 Bxc4 24.Qxc4 Bf6 25.Rad1 Qe8 26.Bd6 Rf7 
27.e4 f4 28.e5 Bg5 29.f3 Bh4 30.Re4 Bg5 31.a3 Qa4 
32.Qc1 Qb5 33.Qc2 Qb6+ 34.Kh1 Qb7 35.Rc4 Bd8 
36.Rc1 g6 37.Rc8 Kg7 38.Rxa8 Qxa8 39.Qc4 Kh6 
40.Qxe6 Rf5 41.Bf8+ Kg5 42.Be7+ Kh6 43.Bxd8 Qb7 
44.Qd6 Qb5 45.Qe7 Rxe5 46.Qh4+ Rh5 47.Qxf4+ Kg7 
48.Rc7+ 1-0

[Event "HCL-C297"]
[Site "www.playchess.de"]
[Date "2001.04.27"]
[Round "6"]
[White "Chopz8va"]
[Black "yesbee"]
[WhiteElo "1083"]
[BlackElo "1000"]
[PlyCount "64"]
[Result "0-1"]

1.d4 e6 2.e4 c5 3.Nf3 Nc6 4.Nc3 cxd4 5.Nxd4 Bb4 
6.Nxc6 bxc6 7.Bd3 d5 8.f3 e5 9.O-O Nf6 10.Bg5 Be6 
11.a3 Be7 12.Re1 Qb6+ {check.}  13.Kh1 Qxb2 14.Na4 
Qb8 15.Rb1 Qd6 16.Qc1 O-O 17.Rd1 Rfe8 18.Ba6 Qc7 
19.Rb7 Qa5 20.Bxf6 Bxf6 21.Qb2 Qxa4 22.Be2 Qa5 
23.Qb4 Qd8 24.Rb1 Bh4 25.g3 Bg5 26.Ba6 Bc8 27.Rb8 
Rxb8 28.Qxb8 Bxa6 29.Qxa7 Be2 30.Rb3 Qf6 31.Kg2 
dxe4 32.fxe4 Qf1+ 0-1

[Event "HCL-C303"]
[Site "www.playchess.de"]
[Date "2001.04.27"]
[Round "4"]
[White "ABE"]
[Black "MEATHEAD"]
[WhiteElo "1000"]
[BlackElo "849"]
[PlyCount "83"]
[Result "1-0"]

1.e4 e5 2.Nf3 Nc6 3.Bc4 Nf6 4.Nc3 g6 5.O-O Bg7 
6.d4 O-O 7.Bg5 Na5 8.Qd3 d6 9.dxe5 dxe5 10.Rfd1 
Bg4 11.Qxd8 Raxd8 12.Rxd8 Rxd8 13.Bxf7+ Kxf7 
14.Nxe5+ Ke6 15.Nxg4 h5 16.Bxf6 Bxf6 17.Nxf6 Kxf6 
18.Rd1 Rxd1+ {draw?}  19.Nxd1 c5 20.Ne3 Ke5 21.f3 
b5 22.Kf2 Nc6 23.c3 b4 24.Nc4+ Ke6 25.f4 a5 26.Kf3 
a4 27.cxb4 cxb4 28.e5 b3 29.axb3 axb3 30.g4 Nd4+ 
31.Ke4 Nc2 32.gxh5 gxh5 33.f5+ Kf7 34.e6+ Kf6 
35.Ne3 Nb4 36.Nd5+ Kg7 37.f6+ Kf8 38.e7+ Kf7 
39.Nc7 Nc6 40.e8Q+ {%}  Kxf6 41.Qf8+ Kg5 
42.Qg7+ 1-0

[Event "HCL-A132"]
[Site "www.playchess.de"]
[Date "2001.04.27"]
[Round "8"]
[White "Nils"]
[Black "jimmyaaa"]
[WhiteElo "1753"]
[BlackElo "2150"]
[PlyCount "30"]
[Result "0-1"]

1.e4 c5 2.Nf3 d6 3.d4 cxd4 4.Nxd4 Nf6 5.Nc3 g6 
6.Bb5+ Bd7 7.Bg5 Bg7 8.Bxf6 Bxf6 9.Bxd7+ Nxd7 
10.O-O O-O 11.Nd5 Bg7 12.c3 e6 13.Nb4 Qb6 14.Rb1 
Rac8 15.Nbc2 Nf6 0-1

[Event "HCL-A137"]
[Site "www.playchess.de"]
[Date "2001.04.27"]
[Round "35"]
[White "ippuli"]
[Black "vrad"]
[WhiteElo "1671"]
[BlackElo "1852"]
[PlyCount "40"]
[Result "0-1"]

1.e4 {Hi! Let's play fair fight!!}  e5 {OK, have a 
nice game}  2.d4 exd4 3.c3 d3 4.Bxd3 Nc6 5.Nf3 d6 
6.O-O Bg4 7.Qb3 Bxf3 8.gxf3 Rb8 9.Bf4 g5 10.Bg3 h5 
11.e5 h4 12.exd6 {Maybe i have too many 
officers...}  hxg3 {It is better to have too many 
than not to have...}  13.Re1+ Be7 14.Bc4 gxf2+ 
15.Kxf2 Rxh2+ 16.Kg1 Qxd6 17.Bxf7+ Kf8 18.Kf1 Rh1+ 
19.Kf2 Qh2+ 20.Ke3 Rxe1+ 0-1